|
|
|
|
| LEADER |
00940cam a2200265 7i4500 |
| 001 |
0000013133 |
| 005 |
20240104090000.0 |
| 008 |
081110 eng |
| 020 |
|
|
|a 9780205508945 (pbk.)
|
| 020 |
|
|
|a 0205508944 (pbk.)
|
| 040 |
|
|
|a DLC
|
| 090 |
0 |
0 |
|a LB1028.5
|b .B58 2008
|
| 100 |
1 |
|
|a Bitter, Gary G
|
| 245 |
1 |
0 |
|a Using technology in the classroom
|c Gary G. Bitter, Jane M. Legacy.
|
| 260 |
|
|
|a Boston:
|b Pearson/A&B,
|c 2008.
|
| 300 |
|
|
|a xxvi, 405 p.:
|b ill.;
|c 24 cm.
|
| 500 |
|
|
|a Includes index
|
| 501 |
|
|
|a With DVD : Video vignettes for using technology in the classroom
|
| 650 |
0 |
0 |
|a Computer-assisted instruction
|
| 650 |
0 |
0 |
|a Educational technology
|
| 650 |
0 |
0 |
|a Microcomputers
|
| 700 |
1 |
|
|a Legacy, Jane M
|
| 997 |
|
|
|a Education & Social Sciences, Faculty
|
| 999 |
|
|
|a 0000032252
|b BOK
|c OPEN SHELF
|e 1st Floor, Bestari Jaya
|
| 999 |
|
|
|a DVD0000041
|b DVD-ROM
|c OPEN SHELF
|e Circulation Counter, Bestari Jaya
|